000
00327nam a22001457a 4500
003
OSt
005
20220218100816.0
008
220218b |||||||| |||| 00| 0 eng d
020
_a
020174130x
040
_c
HU
082
_a
658.84
100
_a
Nelson
_9
28572
245
_a
Buliding Electronic Commerce
942
_2
ddc
_c
BOOKS
_n
0
999
_c
30761
_d
30761